Enfoques para el análisis político : (Registro nro. 69716)
[ vista simple ]
| 000 -LEADER | |
|---|---|
| fixed length control field | 01098nam a2200301 i 4500 |
| 001 - CONTROL NUMBER | |
| control field | 69716 |
| 003 - CONTROL NUMBER IDENTIFIER | |
| control field | Mx-PuUPA |
| 005 - DATE AND TIME OF LATEST TRANSACTION | |
| control field | 20220615121326.0 |
| 008 - FIXED-LENGTH DATA ELEMENTS--GENERAL INFORMATION | |
| fixed length control field | 220614s2010 ck |||gr|||| 00| 0 spa d |
| 020 ## - INTERNATIONAL STANDARD BOOK NUMBER | |
| International Standard Book Number | 9789587161793 |
| 040 ## - CATALOGING SOURCE | |
| Original cataloging agency | Mx-PuUPA |
| Language of cataloging | spa |
| Transcribing agency | Mx-PuUPA |
| Modifying agency | Mx-PuUPA |
| Description conventions | rda |
| 041 0# - LANGUAGE CODE | |
| Language code of text/sound track or separate title | spa |
| 100 1# - MAIN ENTRY--PERSONAL NAME | |
| Personal name | Lozada Lora, Rodrigo, |
| Relator term | autor |
| 9 (RLIN) | 12761 |
| 245 10 - TITLE STATEMENT | |
| Title | Enfoques para el análisis político : |
| Remainder of title | historia, epistemología y perspectivas de la ciencia política / |
| Statement of responsibility, etc. | Rodrigo Losada L., Andrés Casas Casas |
| 264 #1 - PRODUCTION, PUBLICATION, DISTRIBUTION, MANUFACTURE, AND COPYRIGHT NOTICE | |
| Place of production, publication, distribution, manufacture | Bogotá : |
| Name of producer, publisher, distributor, manufacturer | Editorial Pontificia Universidad Javeriana, |
| Date of production, publication, distribution, manufacture, or copyright notice | 2010 |
| 300 ## - PHYSICAL DESCRIPTION | |
| Extent | 431 páginas ; |
| Dimensions | 24 cm |
| 336 ## - CONTENT TYPE | |
| Fuente | rdacontent |
| Content type term | texto |
| Content type code | txt |
| 337 ## - MEDIA TYPE | |
| Source | rdamedia |
| Media type term | sin medio |
| Media type code | n |
| 338 ## - CARRIER TYPE | |
| Source | rdacarrier |
| Carrier type term | volumen |
| Carrier type code | nc |
| 545 ## - BIOGRAPHICAL OR HISTORICAL DATA | |
| Biographical or historical data | Reimpresión: (Primera, 2010). |
| 650 #7 - SUBJECT ADDED ENTRY--TOPICAL TERM | |
| Source of heading or term | armarc |
| Topical term or geographic name entry element | Ciencias políticas |
| 650 #7 - SUBJECT ADDED ENTRY--TOPICAL TERM | |
| Source of heading or term | armarc |
| Topical term or geographic name entry element | Ciencias políticas |
| General subdivision | Filosofía |
| 700 1# - ADDED ENTRY--PERSONAL NAME | |
| Personal name | Casas Casas, Andrés, |
| Relator term | autor |
| 942 ## - ADDED ENTRY ELEMENTS (KOHA) | |
| Source of classification or shelving scheme | Dewey Decimal Classification |
| Koha item type | Libro |
| Classification part | 320 |
| Item part | L925 |
| Withdrawn status | Lost status | Source of classification or shelving scheme | Damaged status | Not for loan | Collection code | Home library | Current library | Shelving location | Date acquired | Source of acquisition | Cost, normal purchase price | Total Checkouts | Full call number | Barcode | Date last seen | Cost, replacement price | Price effective from | Koha item type | Total Renewals | Date last checked out | Copy number |
|---|---|---|---|---|---|---|---|---|---|---|---|---|---|---|---|---|---|---|---|---|---|
| Dewey Decimal Classification | General | Biblioteca Karol Wojtyla | Biblioteca Karol Wojtyla | Sala general | 11/09/2024 | 23 | 702.94 | 320 L925 2010 | 102664 | 05/01/2026 | 702.94 | 11/09/2024 | Libro | ||||||||
| Dewey Decimal Classification | General | Biblioteca Karol Wojtyla | Biblioteca Karol Wojtyla | Sala general | 11/09/2024 | 23 | 702.94 | 1 | 320 L925 2010 | 102665 | 05/01/2026 | 702.94 | 11/09/2024 | Libro | 1 | 25/11/2023 | Ej.2 |